01226nam a22002657a 450000500170000000800410001702000180005804100080007604400070008408200180009111000590010924500550016826001140022330000510033750400420038865000650043065000650049565000670056065000540062765000540068165000480073565100550078365100730083870000490091120141001020002.0091121s2010 ck abo r a000 0 spa d a97895885134540 aspa ack04a912.861bS62a2 aSistema Departamental de Areas Protegidas de Antioquia10aAtlas áreas protegidas Departamento de Antioquia aMedellínbInvemarbGobernación de AntioquiabSistema Departamental de Areas Protegidas de Antioquiac2010 a152 p.bil., fotos, gráficas y mapasc33 cm. aIncluye referencias bibliográficas.14aEcología costerazRegión del Golfo de Urabá (Colombia)24aBiología costerazRegión del Golfo de Urabá (Colombia)24aEcosistemas costeroszRegión del Golfo de Urabá (Colombia)24aEcología costerazUrabá (Antioquia, Colombia)24aBiología costerazUrabá (Antioquia, Colombia) 4aAreas protegidasyAntioquia (Dpt. Colombia) 4aRegión del Golfo de Urabá (Colombia)xHistoria 4aRegión del Golfo de Urabá (Colombia)xAspectos socioeconómicos1 aCáceres-Cárdenas, Raúl Albertodtextos